000 00339nam a22001577a 4500
003 SGT
020 _a9788177395808
082 _a612.015
_bM21G
100 _aGUPTA, S.K.
245 _aTB. OF MEDICAL BIOCHEMISTRY
250 _a2ND
260 _aINDIA
_bAVICHAL
_c2021
300 _a784
650 _aBIOCHEMISTRY
942 _2ddc
_cBK
_0254
999 _c20967
_d20967